[Event "GER-ch Youth U14 2019"]
[Site "Willingen"]
[Date "2019.06.11"]
[Round "4.3"]
[White "Evering, Soeren"]
[Black "Bethke, Richard"]
[Result "0-1"]
[WhiteElo "1879"]
[BlackElo "2246"]
[Annotator "TA"]
[PlyCount "98"]
[EventDate "2019.06.07"]
[EventType "swiss"]
[EventRounds "9"]
[EventCountry "GER"]
[SourceTitle "playchess.com"]
[Source "ChessBase"]
[SourceQuality "1"]

{[%evp 23,98,15,27,29,29,29,29,28,30,19,18,18,15,15,20,0,0,0,63,58,61,41,56,59,57,37,50,26,40,0,8,-14,0,0,0,0,0,-35,-35,-37,-31,-53,-53,-103,-43,-60,-36,-39,-48,-70,-62,-162,-162,-200,-116,-266,-261,-407,-410,-419,-403,-594,-560,-606,-604,-556,-547,-764,-813,-1541,-1184,-2300,-2193,-2100,-1774,-29986,-29987]} 1. e4 c5 2. Nf3 d6 3. d4 cxd4 4. Nxd4 Nf6 5. Nc3 a6 6. f3 e5 7. Nb3 Be7 8. Be3 Be6 9. Qd2 O-O 10. O-O-O Nbd7 11. g4 b5 12. g5 b4 13. gxf6 {B90: Sicilian Najdorf: Unusual White 6th moves, 6 Be3 Ng4 and 6 Be3 e5} bxc3 14. Qxc3 Nxf6 15. Na5 $1 {White has an edge.} Rc8 16. Nc6 Qd7 17. Nxe7+ Qxe7 18. Qa5 Rc6 19. Rg1 Rfc8 20. Rg2 {[#]} Qc7 $146 ({Better is} 20... Bh3 $11 21. Rf2 Bxf1 22. Rdxf1 Qe6) ({Predecessor:} 20... Bh3) 21. Qxc7 $14 R8xc7 22. Kb1 Kf8 23. Rgd2 Ke7 24. Be2 Nh5 25. Rg1 g6 26. h4 f6 27. Bd3 (27. a4 {looks sharper.} Nf4 28. Bf1 Rb7 29. a5 Rb4 30. Bb6) 27... Bc4 28. Bxc4 Rxc4 29. Rgd1 R7c6 30. c3 f5 31. exf5 gxf5 32. Rg1 Ke6 33. Bg5 d5 (33... f4 $17) 34. Re1 a5 35. Rde2 e4 36. fxe4 dxe4 37. Re3 (37. Bd2 $15) 37... Ke5 $19 38. Kc2 Nf6 (38... h6 $19 39. b3 R4c5) 39. Rd3 (39. b3 $17 {is a better defense.} Rd4 40. Bxf6+ Kxf6 41. Rf1) 39... Nd5 {[#] And now ...Nb4+ would win.} 40. Kd2 (40. a3 {was called for.}) 40... a4 41. a3 h6 42. Bd8 (42. Rxd5+ $142 Kxd5 43. Bf4) 42... Rg6 43. Kc1 f4 44. Ba5 Rg2 45. Bb4 e3 46. Bf8 Ke4 47. Rdd1 f3 48. Bxh6 f2 49. Rf1 {[#]} e2 $1 {[%mdl 576] Double Attack. Accuracy: White = 24%, Black = 64%.} 0-1

[Event "GER-ch Youth U14 2019"]
[Site "Willingen"]
[Date "2019.06.11"]
[Round "4.4"]
[White "Gallasch, Jonas"]
[Black "Weihrauch, Jakob"]
[Result "1/2-1/2"]
[WhiteElo "2137"]
[BlackElo "2158"]
[Annotator "NA"]
[PlyCount "56"]
[EventDate "2019.06.07"]
[EventType "swiss"]
[EventRounds "9"]
[EventCountry "GER"]
[SourceTitle "playchess.com"]
[Source "ChessBase"]
[SourceQuality "1"]
[TimeControl "40/5400+30:1800+30"]

1. Nf3 {[%emt 0:00:00]} Nf6 {[%emt 0:00:00]} 2. c4 {[%emt 0:00:00]} e6 {[%emt 0:00:00]} 3. g3 {[%emt 0:00:04]} b6 {[%emt 0:00:19]} 4. Bg2 {[%emt 0:00:10]} Bb7 {[%emt 0:00:04]} 5. O-O {[%emt 0:00:17]} Be7 {[%emt 0:00:58]} 6. d4 {[%emt 0:00:17]} O-O {[%emt 0:00:29]} 7. Nc3 {[%emt 0:00:31]} Ne4 {[%emt 0:00:24]} 8. Nxe4 {[%emt 0:00:36]} Bxe4 {[%emt 0:00:07]} 9. Ne1 {[%emt 0:00:06]} Bxg2 {[%emt 0:01:46]} 10. Nxg2 {[%emt 0:00:07]} d5 {[%emt 0:03:25]} 11. Qc2 {[%emt 0:08:53]} c5 {[%emt 0:04:14]} 12. cxd5 {[%emt 0:06:45]} Qxd5 {[%emt 0:00:52]} 13. dxc5 {[%emt 0:01:35]} Bxc5 {[%emt 0:04:12]} 14. Be3 {[%emt 0:08:04]} Nd7 {[%emt 0:05:59]} 15. Rfd1 {[%emt 0:07:56]} Qb7 {[%emt 0:00:15]} 16. Bxc5 {[%emt 0:14:17]} Nxc5 {[%emt 0:00:19]} 17. b4 {[%emt 0:00:10]} Qe4 {[%emt 0:12:54]} 18. Qd2 {[%emt 0:15:25]} Na4 {[%emt 0:01:30]} 19. Rac1 {[%emt 0:01:32]} a5 {[%emt 0:02:11]} 20. bxa5 {[%emt 0:03:13]} Rxa5 {[%emt 0:01:22]} 21. Rc8 {[%emt 0:04:24]} Ra8 {[%emt 0:08:29]} 22. Rxa8 {[%emt 0:00:44]} Qxa8 {[%emt 0:00:08]} 23. Qb4 {[%emt 0:00:48]} Rc8 {[%emt 0:02:15]} 24. Qe7 {[%emt 0:05:26]} Nb2 {[%emt 0:25:17]} 25. Ra1 {[%emt 0:04:55]} Qc6 {[%emt 0:04:05]} 26. Ne3 {[%emt 0:01:25]} b5 {[%emt 0:03:38]} 27. Qb4 {[%emt 0:00:45]} Na4 {[%emt 0:00:56]} 28. Rd1 {[%emt 0:01:05]} Qa8 {[%emt 0:08:18] normal} 1/2-1/2

[Event "GER-ch Youth U14 2019"]
[Site "Willingen"]
[Date "2019.06.11"]
[Round "4.5"]
[White "Laux, Dominik"]
[Black "Musiolik, David"]
[Result "0-1"]
[WhiteElo "2061"]
[BlackElo "2132"]
[Annotator "NA"]
[PlyCount "54"]
[EventDate "2019.06.07"]
[EventType "swiss"]
[EventRounds "9"]
[EventCountry "GER"]
[SourceTitle "playchess.com"]
[Source "ChessBase"]
[SourceQuality "1"]
[TimeControl "40/5400+30:1800+30"]

1. d4 {[%emt 0:00:00]} d5 {[%emt 0:00:00]} 2. c4 {[%emt 0:00:26]} e6 {[%emt 0:00:00]} 3. Nc3 {[%emt 0:00:24]} Be7 {[%emt 0:00:00]} 4. Nf3 {[%emt 0:00:19]} Nf6 {[%emt 0:00:02]} 5. Bf4 {[%emt 0:00:07]} O-O {[%emt 0:01:45]} 6. e3 {[%emt 0:00:26]} c6 {[%emt 0:03:53]} 7. Qc2 {[%emt 0:01:16]} Nbd7 {[%emt 0:14:13]} 8. h3 {[%emt 0:00:37]} Re8 {[%emt 0:05:35]} 9. Rd1 {[%emt 0:04:45]} Bf8 {[%emt 0:02:55]} 10. Bd3 {[%emt 0:04:06]} dxc4 {[%emt 0:01:27]} 11. Bxc4 {[%emt 0:00:02]} Nb6 {[%emt 0:01:08]} 12. Bd3 {[%emt 0:05:05]} Nbd5 {[%emt 0:03:39]} 13. Nxd5 {[%emt 0:02:10]} exd5 {[%emt 0:00:12]} 14. O-O {[%emt 0:01:31]} h6 {[%emt 0:01:22]} 15. Ne5 {[%emt 0:02:31]} Be6 {[%emt 0:04:44]} 16. Rb1 {[%emt 0:06:29]} a5 {[%emt 0:07:38]} 17. g4 {[%emt 0:09:40]} Nd7 {[%emt 0:03:40]} 18. Bg3 {[%emt 0:03:36]} Nxe5 {[%emt 0:01:12]} 19. dxe5 {[%emt 0:04:03]} d4 {[%emt 0:01:55]} 20. e4 {[%emt 0:01:46]} Bxa2 {[%emt 0:02:50]} 21. Ra1 {[%emt 0:01:26]} Be6 {[%emt 0:00:11]} 22. f4 {[%emt 0:00:54]} Qb6 {[%emt 0:01:18]} 23. f5 {[%emt 0:05:20]} Bb3 {[%emt 0:00:35]} 24. Qe2 {[%emt 0:03:58]} c5 {[%emt 0:02:39]} 25. h4 {[%emt 0:03:49]} c4 {[%emt 0:00:50]} 26. Bb1 {[%emt 0:01:36]} d3+ {[%emt 0:00:05]} 27. Qf2 {[%emt 0:00:05]} Bc5 {[%emt 0:00:05] normal} 0-1

[Event "GER-ch Youth U14 2019"]
[Site "Willingen"]
[Date "2019.06.11"]
[Round "4.6"]
[White "Roste, Hugo"]
[Black "Lutz, Ruben"]
[Result "0-1"]
[WhiteElo "1287"]
[BlackElo "2055"]
[Annotator "NA"]
[PlyCount "74"]
[EventDate "2019.06.07"]
[EventType "swiss"]
[EventRounds "9"]
[EventCountry "GER"]
[SourceTitle "playchess.com"]
[Source "ChessBase"]
[SourceQuality "1"]
[TimeControl "40/5400+30:1800+30"]

1. d4 {[%emt 0:00:00]} d5 {[%emt 0:00:00]} 2. c4 {[%emt 0:00:00]} dxc4 {[%emt 0:00:00]} 3. Nf3 {[%emt 0:00:00]} Nf6 {[%emt 0:00:03]} 4. e3 {[%emt 0:00:23]} Bg4 {[%emt 0:00:30]} 5. Bxc4 {[%emt 0:02:04]} e6 {[%emt 0:00:04]} 6. Nc3 {[%emt 0:02:40]} Bd6 {[%emt 0:01:27]} 7. e4 {[%emt 0:02:35]} Bb4 {[%emt 0:47:27]} 8. Bg5 {[%emt 0:09:38]} Bxc3+ {[%emt 0:01:54]} 9. bxc3 {[%emt 0:00:14]} h6 {[%emt 0:01:44]} 10. Bxf6 {[%emt 0:01:16]} Qxf6 {[%emt 0:03:02]} 11. h3 {[%emt 0:03:40]} Bxf3 {[%emt 0:00:19]} 12. Qxf3 {[%emt 0:00:10]} Qxf3 {[%emt 0:00:52]} 13. gxf3 {[%emt 0:00:07]} Nd7 {[%emt 0:01:01]} 14. Ke2 {[%emt 0:02:38]} Nb6 {[%emt 0:01:59]} 15. Bb3 {[%emt 0:02:01]} Rc8 {[%emt 0:00:53]} 16. Rac1 {[%emt 0:07:36]} c5 {[%emt 0:00:34]} 17. Rhd1 {[%emt 0:09:51]} Ke7 {[%emt 0:07:10]} 18. a3 {[%emt 0:03:33]} Rhd8 {[%emt 0:00:56]} 19. Ke3 {[%emt 0:01:12]} f5 {[%emt 0:10:35]} 20. e5 {[%emt 0:03:49]} c4 {[%emt 0:00:25]} 21. Ba2 {[%emt 0:01:19]} Nd5+ {[%emt 0:00:16]} 22. Kd2 {[%emt 0:01:14]} b5 {[%emt 0:06:44]} 23. Rg1 {[%emt 0:03:33]} Kf7 {[%emt 0:00:26]} 24. h4 {[%emt 0:02:37]} g6 {[%emt 0:00:16]} 25. Rg3 {[%emt 0:01:21]} a5 {[%emt 0:04:29]} 26. Rb1 {[%emt 0:01:36]} Rb8 {[%emt 0:00:11]} 27. Rgg1 {[%emt 0:00:52]} b4 {[%emt 0:01:34]} 28. axb4 {[%emt 0:02:46]} axb4 {[%emt 0:00:08]} 29. cxb4 {[%emt 0:02:15]} c3+ {[%emt 0:00:08]} 30. Ke2 {[%emt 0:01:54]} Nxb4 {[%emt 0:00:30]} 31. Bb3 {[%emt 0:01:17]} Rxd4 {[%emt 0:02:09]} 32. Rbc1 {[%emt 0:01:24]} Nd5 {[%emt 0:02:34]} 33. Bxd5 {[%emt 0:02:02]} Rxd5 {[%emt 0:00:22]} 34. f4 {[%emt 0:00:47]} Rb2+ {[%emt 0:02:00]} 35. Ke3 {[%emt 0:04:49]} c2 {[%emt 0:01:20]} 36. Rge1 {[%emt 0:02:20]} Rb4 {[%emt 0:01:27]} 37. Rxc2 {[%emt 0:02:06]} Re4+ {[%emt 0:00:04] normal} 0-1

[Event "GER-ch Youth U14 2019"]
[Site "Willingen"]
[Date "2019.06.11"]
[Round "4.7"]
[White "von Krosigk, Florian"]
[Black "Bui, Bao Anh Le"]
[Result "1-0"]
[WhiteElo "1926"]
[BlackElo "2065"]
[Annotator "NA"]
[PlyCount "69"]
[EventDate "2019.06.07"]
[EventType "swiss"]
[EventRounds "9"]
[EventCountry "GER"]
[SourceTitle "playchess.com"]
[Source "ChessBase"]
[SourceQuality "1"]
[TimeControl "40/5400+30:1800+30"]

1. e4 {[%emt 0:00:00]} c5 {[%emt 0:00:07]} 2. Nf3 {[%emt 0:00:00]} d6 {[%emt 0:00:15]} 3. d4 {[%emt 0:00:25]} cxd4 {[%emt 0:00:20]} 4. Nxd4 {[%emt 0:00:12]} Nf6 {[%emt 0:00:07]} 5. f3 {[%emt 0:00:38]} e5 {[%emt 0:01:22]} 6. Bb5+ {[%emt 0:00:15]} Bd7 {[%emt 0:01:05]} 7. Bxd7+ {[%emt 0:00:08]} Qxd7 {[%emt 0:00:12]} 8. Nf5 {[%emt 0:01:08]} d5 {[%emt 0:04:49]} 9. Bg5 {[%emt 0:01:41]} dxe4 {[%emt 0:11:55]} 10. Bxf6 {[%emt 0:02:59]} gxf6 {[%emt 0:01:43]} 11. Qxd7+ {[%emt 0:13:20]} Nxd7 {[%emt 0:00:13]} 12. fxe4 {[%emt 0:00:04]} Bb4+ {[%emt 0:01:54]} 13. c3 {[%emt 0:00:37]} Bc5 {[%emt 0:00:17]} 14. Nd2 {[%emt 0:01:34]} Nb6 {[%emt 0:10:22]} 15. Rf1 {[%emt 0:08:44]} h5 {[%emt 0:05:27]} 16. Rf3 {[%emt 0:06:13]} O-O-O {[%emt 0:33:05]} 17. O-O-O {[%emt 0:11:07]} Rhg8 {[%emt 0:03:19]} 18. g3 {[%emt 0:13:52]} Rd7 {[%emt 0:03:53]} 19. Kc2 {[%emt 0:03:33]} Rgd8 {[%emt 0:00:58]} 20. b3 {[%emt 0:02:39]} Bf8 {[%emt 0:03:23]} 21. Rff1 {[%emt 0:03:09]} Kc7 {[%emt 0:01:47]} 22. Nc4 {[%emt 0:03:36]} Rxd1 {[%emt 0:03:26]} 23. Rxd1 {[%emt 0:00:03]} Rxd1 {[%emt 0:01:08]} 24. Kxd1 {[%emt 0:00:04]} Nxc4 {[%emt 0:00:21]} 25. bxc4 {[%emt 0:00:02]} Kd7 {[%emt 0:01:16]} 26. Ke2 {[%emt 0:03:29]} Kc6 {[%emt 0:00:16]} 27. Kd3 {[%emt 0:01:46]} Kc5 {[%emt 0:00:20]} 28. h4 {[%emt 0:05:45]} a6 {[%emt 0:01:36]} 29. Ne3 {[%emt 0:07:20]} Kd6 {[%emt 0:00:38]} 30. g4 {[%emt 0:00:56]} hxg4 {[%emt 0:00:12]} 31. Nxg4 {[%emt 0:00:02]} Ke6 {[%emt 0:00:46]} 32. Ne3 {[%emt 0:00:28]} f5 {[%emt 0:00:45]} 33. exf5+ {[%emt 0:00:52]} Kf6 {[%emt 0:00:13]} 34. Ke4 {[%emt 0:00:04]} Be7 {[%emt 0:00:43]} 35. Nd5+ {[%emt 0:00:24] normal} 1-0

[Event "GER-ch Youth U14 2019"]
[Site "Willingen"]
[Date "2019.06.11"]
[Round "4.8"]
[White "Eilenberg, Jonas"]
[Black "Farokhi, Keyvan"]
[Result "1-0"]
[WhiteElo "1934"]
[BlackElo "1963"]
[Annotator "NA"]
[PlyCount "117"]
[EventDate "2019.06.07"]
[EventType "swiss"]
[EventRounds "9"]
[EventCountry "GER"]
[SourceTitle "playchess.com"]
[Source "ChessBase"]
[SourceQuality "1"]
[TimeControl "40/5400+30:1800+30"]

1. d4 {[%emt 0:00:00]} Nf6 {[%emt 0:00:00]} 2. Nf3 {[%emt 0:00:00]} c5 {[%emt 0:00:00]} 3. d5 {[%emt 0:00:00]} b5 {[%emt 0:00:08]} 4. c4 {[%emt 0:00:56]} g6 {[%emt 0:01:15]} 5. Nbd2 {[%emt 0:04:24]} b4 {[%emt 0:02:57]} 6. b3 {[%emt 0:00:47]} Bg7 {[%emt 0:00:27]} 7. Bb2 {[%emt 0:00:07]} O-O {[%emt 0:00:16]} 8. e4 {[%emt 0:00:46]} d6 {[%emt 0:00:48]} 9. Bd3 {[%emt 0:01:29]} Bb7 {[%emt 0:02:39]} 10. O-O {[%emt 0:01:00]} e5 {[%emt 0:00:52]} 11. dxe6 {[%emt 0:05:56]} fxe6 {[%emt 0:00:07]} 12. Ng5 {[%emt 0:00:44]} Re8 {[%emt 0:03:04]} 13. e5 {[%emt 0:16:12]} dxe5 {[%emt 0:13:39]} 14. Nde4 {[%emt 0:02:31]} Nxe4 {[%emt 0:01:22]} 15. Bxe4 {[%emt 0:00:59]} Nc6 {[%emt 0:04:45]} 16. Qxd8 {[%emt 0:01:42]} Raxd8 {[%emt 0:00:27]} 17. Rad1 {[%emt 0:00:23]} Bf6 {[%emt 0:04:38]} 18. Nf3 {[%emt 0:02:10]} Rxd1 {[%emt 0:06:47]} 19. Rxd1 {[%emt 0:00:07]} Rd8 {[%emt 0:01:54]} 20. Rxd8+ {[%emt 0:00:46]} Bxd8 {[%emt 0:00:44]} 21. Kf1 {[%emt 0:09:21]} Bc7 {[%emt 0:07:04]} 22. Bxc6 {[%emt 0:03:30]} Bxc6 {[%emt 0:00:15]} 23. Nxe5 {[%emt 0:00:15]} Be4 {[%emt 0:01:33]} 24. Nd7 {[%emt 0:02:20]} Bd3+ {[%emt 0:03:21]} 25. Ke1 {[%emt 0:01:33]} Bd6 {[%emt 0:00:51]} 26. Kd2 {[%emt 0:03:30]} Bb1 {[%emt 0:01:24]} 27. Be5 {[%emt 0:03:17]} Be7 {[%emt 0:00:07]} 28. Bb8 {[%emt 0:00:49]} a5 {[%emt 0:00:06]} 29. Ba7 {[%emt 0:00:45]} Bxa2 {[%emt 0:00:39]} 30. Bxc5 {[%emt 0:01:32]} Bg5+ {[%emt 0:03:40]} 31. Kc2 {[%emt 0:00:23]} a4 {[%emt 0:00:11]} 32. bxa4 {[%emt 0:00:12]} Bxc4 {[%emt 0:00:26]} 33. Bxb4 {[%emt 0:00:08]} Bd5 {[%emt 0:00:20]} 34. g3 {[%emt 0:01:03]} Bc6 {[%emt 0:00:24]} 35. Nc5 {[%emt 0:03:58]} Be7 {[%emt 0:00:16]} 36. a5 {[%emt 0:01:17]} Bxc5 {[%emt 0:00:09]} 37. Bxc5 {[%emt 0:00:04]} Kf7 {[%emt 0:00:12]} 38. Kc3 {[%emt 0:03:33]} Ke8 {[%emt 0:01:09]} 39. Kd4 {[%emt 0:01:00]} Kd7 {[%emt 0:00:10]} 40. Ke5 {[%emt 0:01:12]} Bd5 {[%emt 0:01:16]} 41. Be3 {[%emt 0:33:24]} Bc4 {[%emt 0:33:41]} 42. Kf6 {[%emt 0:00:32]} Bd3 {[%emt 0:00:26]} 43. Bh6 {[%emt 0:00:52]} Kc6 {[%emt 0:02:20]} 44. Kxe6 {[%emt 0:00:30]} Kb5 {[%emt 0:00:07]} 45. Kf6 {[%emt 0:01:26]} Kxa5 {[%emt 0:00:14]} 46. Kg7 {[%emt 0:00:10]} Kb5 {[%emt 0:00:32]} 47. Kxh7 {[%emt 0:00:06]} Kc5 {[%emt 0:00:29]} 48. Kg7 {[%emt 0:00:05]} Kd5 {[%emt 0:00:06]} 49. Kf6 {[%emt 0:00:28]} Ke4 {[%emt 0:04:43]} 50. Be3 {[%emt 0:00:09]} Kf3 {[%emt 0:00:27]} 51. Kg5 {[%emt 0:00:21]} Bf5 {[%emt 0:07:04]} 52. h4 {[%emt 0:00:14]} Bd7 {[%emt 0:00:13]} 53. Kxg6 {[%emt 0:00:08]} Kg4 {[%emt 0:00:04]} 54. Bf4 {[%emt 0:00:56]} Be8+ {[%emt 0:00:35]} 55. Kf6 {[%emt 0:00:11]} Kf3 {[%emt 0:00:18]} 56. Kg5 {[%emt 0:00:05]} Kxf2 {[%emt 0:00:18]} 57. h5 {[%emt 0:00:07]} Bc6 {[%emt 0:00:23]} 58. h6 {[%emt 0:00:12]} Be4 {[%emt 0:00:04]} 59. Kf6 {[%emt 0:00:04] normal} 1-0

[Event "GER-ch Youth U14 2019"]
[Site "Willingen"]
[Date "2019.06.11"]
[Round "4.9"]
[White "Simukov, Erik"]
[Black "Elsner, Robert"]
[Result "0-1"]
[WhiteElo "1904"]
[BlackElo "1745"]
[Annotator "NA"]
[PlyCount "58"]
[EventDate "2019.06.07"]
[EventType "swiss"]
[EventRounds "9"]
[EventCountry "GER"]
[SourceTitle "playchess.com"]
[Source "ChessBase"]
[SourceQuality "1"]
[TimeControl "40/5400+30:1800+30"]

1. e4 {[%emt 0:00:00]} c5 {[%emt 0:00:00]} 2. Nf3 {[%emt 0:00:00]} d6 {[%emt 0:00:00]} 3. d4 {[%emt 0:00:00]} cxd4 {[%emt 0:00:00]} 4. Nxd4 {[%emt 0:00:12]} Nf6 {[%emt 0:00:00]} 5. Nc3 {[%emt 0:00:24]} g6 {[%emt 0:00:00]} 6. Be3 {[%emt 0:00:58]} Bg7 {[%emt 0:00:00]} 7. f3 {[%emt 0:00:29]} O-O {[%emt 0:00:00]} 8. Qd2 {[%emt 0:00:41]} Nc6 {[%emt 0:00:00]} 9. O-O-O {[%emt 0:00:45]} d5 {[%emt 0:00:00]} 10. Qe1 {[%emt 0:01:23]} e5 {[%emt 0:00:02]} 11. Nxc6 {[%emt 0:00:47]} bxc6 {[%emt 0:00:03]} 12. exd5 {[%emt 0:00:18]} Nxd5 {[%emt 0:00:02]} 13. Bc4 {[%emt 0:01:55]} Be6 {[%emt 0:00:04]} 14. Kb1 {[%emt 0:06:07]} Qc7 {[%emt 0:14:35]} 15. Nxd5 {[%emt 0:30:04]} cxd5 {[%emt 0:00:10]} 16. Bxd5 {[%emt 0:00:14]} Rfc8 {[%emt 0:00:56]} 17. Bxa8 {[%emt 0:10:41]} Qxc2+ {[%emt 0:12:47]} 18. Ka1 {[%emt 0:00:17]} Rxa8 {[%emt 0:28:45]} 19. Qa5 {[%emt 0:21:57]} h5 {[%emt 0:04:03]} 20. Rd2 {[%emt 0:12:37]} Qc4 {[%emt 0:02:05]} 21. Rhd1 {[%emt 0:01:58]} Kh7 {[%emt 0:00:49]} 22. h3 {[%emt 0:04:19]} Rc8 {[%emt 0:01:10]} 23. Rf2 {[%emt 0:01:17]} e4 {[%emt 0:02:20]} 24. fxe4 {[%emt 0:01:29]} Bd4 {[%emt 0:00:21]} 25. Rff1 {[%emt 0:03:06]} Bxe3 {[%emt 0:00:13]} 26. Qa3 {[%emt 0:00:26]} Rc6 {[%emt 0:01:54]} 27. Kb1 {[%emt 0:00:35]} Bh6 {[%emt 0:03:25]} 28. g4 {[%emt 0:00:29]} Ra6 {[%emt 0:00:15]} 29. Qb3 {[%emt 0:00:29]} Qxe4+ {[%emt 0:00:20] normal} 0-1

[Event "GER-ch Youth U14 2019"]
[Site "Willingen"]
[Date "2019.06.11"]
[Round "4.10"]
[White "Arakelian, Aik"]
[Black "Schauties, Nico Antonio"]
[Result "1-0"]
[WhiteElo "1911"]
[BlackElo "1866"]
[Annotator "NA"]
[PlyCount "51"]
[EventDate "2019.06.07"]
[EventType "swiss"]
[EventRounds "9"]
[EventCountry "GER"]
[SourceTitle "playchess.com"]
[Source "ChessBase"]
[SourceQuality "1"]
[TimeControl "40/5400+30:1800+30"]

1. d4 {[%emt 0:00:00]} d5 {[%emt 0:00:00]} 2. Nc3 {[%emt 0:00:21]} Nf6 {[%emt 0:00:50]} 3. Bf4 {[%emt 0:01:14]} Bf5 {[%emt 0:01:09]} 4. e3 {[%emt 0:00:27]} e6 {[%emt 0:00:34]} 5. Nb5 {[%emt 0:00:33]} Na6 {[%emt 0:01:00]} 6. a3 {[%emt 0:00:14]} c6 {[%emt 0:03:51]} 7. Nc3 {[%emt 0:00:13]} Nb8 {[%emt 0:05:09]} 8. Be2 {[%emt 0:02:34]} Bd6 {[%emt 0:01:10]} 9. g4 {[%emt 0:01:27]} Bg6 {[%emt 0:02:30]} 10. h4 {[%emt 0:01:01]} Bxf4 {[%emt 0:09:03]} 11. exf4 {[%emt 0:01:52]} h5 {[%emt 0:01:05]} 12. g5 {[%emt 0:01:27]} Ng8 {[%emt 0:01:58]} 13. Bd3 {[%emt 0:04:21]} Bxd3 {[%emt 0:03:41]} 14. Qxd3 {[%emt 0:00:10]} Ne7 {[%emt 0:00:29]} 15. Nge2 {[%emt 0:00:12]} Qc7 {[%emt 0:00:51]} 16. Qf3 {[%emt 0:03:23]} Nf5 {[%emt 0:01:02]} 17. O-O-O {[%emt 0:00:38]} Nd7 {[%emt 0:03:27]} 18. Ng3 {[%emt 0:00:52]} Nf8 {[%emt 0:17:46]} 19. Nxh5 {[%emt 0:20:14]} Ng6 {[%emt 0:04:41]} 20. Qg4 {[%emt 0:05:57]} O-O-O {[%emt 0:02:19]} 21. Ne2 {[%emt 0:02:44]} c5 {[%emt 0:08:35]} 22. Kb1 {[%emt 0:10:54]} cxd4 {[%emt 0:06:27]} 23. Nxd4 {[%emt 0:00:56]} Nfxh4 {[%emt 0:00:52]} 24. f5 {[%emt 0:05:39]} exf5 {[%emt 0:04:57]} 25. Nxf5 {[%emt 0:00:56]} Qd7 {[%emt 0:00:23]} 26. Rxd5 {[%emt 0:01:30] normal} 1-0

[Event "GER-ch Youth U14 2019"]
[Site "Willingen"]
[Date "2019.06.11"]
[Round "4.11"]
[White "Roehr, Oliver"]
[Black "Bress, Aaron"]
[Result "1-0"]
[WhiteElo "1960"]
[BlackElo "1849"]
[Annotator "NA"]
[PlyCount "73"]
[EventDate "2019.06.07"]
[EventType "swiss"]
[EventRounds "9"]
[EventCountry "GER"]
[SourceTitle "playchess.com"]
[Source "ChessBase"]
[SourceQuality "1"]
[TimeControl "40/5400+30:1800+30"]

1. e4 {[%emt 0:00:00]} c5 {[%emt 0:00:00]} 2. Nf3 {[%emt 0:00:00]} e6 {[%emt 0:00:00]} 3. d4 {[%emt 0:00:00]} cxd4 {[%emt 0:00:08]} 4. Nxd4 {[%emt 0:00:00]} a6 {[%emt 0:01:17]} 5. c4 {[%emt 0:00:09]} Qc7 {[%emt 0:03:49]} 6. Nc3 {[%emt 0:02:48]} Nf6 {[%emt 0:03:03]} 7. Be2 {[%emt 0:00:40]} Be7 {[%emt 0:08:24]} 8. O-O {[%emt 0:00:38]} O-O {[%emt 0:01:01]} 9. Qd3 {[%emt 0:08:35]} Nc6 {[%emt 0:07:09]} 10. Nxc6 {[%emt 0:02:15]} bxc6 {[%emt 0:07:58]} 11. f4 {[%emt 0:07:50]} d6 {[%emt 0:05:16]} 12. b4 {[%emt 0:13:31]} Rb8 {[%emt 0:08:55]} 13. a3 {[%emt 0:06:26]} Rd8 {[%emt 0:03:16]} 14. Bb2 {[%emt 0:09:04]} Bb7 {[%emt 0:07:09]} 15. f5 {[%emt 0:09:21]} e5 {[%emt 0:11:01]} 16. Bf3 {[%emt 0:02:54]} Rbc8 {[%emt 0:06:01]} 17. Kh1 {[%emt 0:01:55]} Nd7 {[%emt 0:03:40]} 18. a4 {[%emt 0:06:45]} Qb8 {[%emt 0:01:33]} 19. Rab1 {[%emt 0:04:31]} c5 {[%emt 0:04:09]} 20. b5 {[%emt 0:00:50]} a5 {[%emt 0:00:09]} 21. Rg1 {[%emt 0:01:46]} Qc7 {[%emt 0:06:35]} 22. Rbf1 {[%emt 0:01:06]} Nb6 {[%emt 0:01:26]} 23. g4 {[%emt 0:00:49]} Qd7 {[%emt 0:03:28]} 24. g5 {[%emt 0:00:53]} f6 {[%emt 0:03:18]} 25. Bc1 {[%emt 0:02:31]} fxg5 {[%emt 0:01:29]} 26. Bxg5 {[%emt 0:00:26]} Rf8 {[%emt 0:00:53]} 27. Rg4 {[%emt 0:03:36]} Bxg5 {[%emt 0:00:43]} 28. Rxg5 {[%emt 0:00:02]} Rf6 {[%emt 0:00:44]} 29. Rfg1 {[%emt 0:00:40]} Rcf8 {[%emt 0:00:56]} 30. Qf1 {[%emt 0:03:16]} R8f7 {[%emt 0:00:43]} 31. Rh5 {[%emt 0:03:03]} Kh8 {[%emt 0:00:36]} 32. Qh3 {[%emt 0:01:34]} h6 {[%emt 0:00:17]} 33. Be2 {[%emt 0:02:16]} Ba8 {[%emt 0:00:48]} 34. Qh4 {[%emt 0:01:24]} Bb7 {[%emt 0:00:30]} 35. Rhg5 {[%emt 0:01:38]} Kh7 {[%emt 0:00:32]} 36. R5g3 {[%emt 0:01:54]} Rxf5 {[%emt 0:00:30]} 37. Bg4 {[%emt 0:00:28] normal} 1-0